000 00313nam a22001337a 4500
008 181017b xxu||||| |||| 00| 0 eng d
020 _a9780130135711
041 _aeng
080 _a371
100 _a46
101 _aEDU
245 _aHow to reach & teach students with Dyslexia
_cStowe,C.M
942 _2udc
_cBK
999 _c50036
_d50036